La literata (Record no. 49388)

MARC details
000 -LEADER
campo de control de longitud fija 00737nam a2200181 i 4500
001 - NÚMERO DE CONTROL
campo de control 49388
003 - IDENTIFICADOR DE NÚMERO DE CONTROL
campo de control ES-MaACL
007 - CAMPO FIJO DE DESCRIPCIÓN FÍSICA--INFORMACIÓN GENERAL
campo de control de longitud fija t|
008 - DATOS DE LONGITUD FIJA--INFORMACIÓN GENERAL
campo de control de longitud fija 030715s1883 sp ||||1| spa d
100 1# - ENTRADA PRINCIPAL--NOMBRE DE PERSONA
Nombre de persona Cortón, Antonio.
9 (RLIN) 40957
245 13 - MENCIÓN DEL TÍTULO
Título La literata
Resto del título : aguafuerte /
Mención de responsabilidad, etc. por Antonio Cortón.
260 ## - PUBLICACIÓN, DISTRIBUCIÓN, ETC.
Lugar de publicación, distribución, etc. Madrid :
Nombre del editor, distribuidor, etc. Librería de D. Guio ;
Lugar de publicación, distribución, etc. Paris :
Nombre del editor, distribuidor, etc. Librería de Ch. Bouret ;
Lugar de publicación, distribución, etc. Lisboa :
Nombre del editor, distribuidor, etc. Librería francesa,
Fecha de publicación, distribución, etc. 1883 (
Fabricante Tip. de Manuel Ginés Hernández)
300 ## - DESCRIPCIÓN FÍSICA
Extensión VIII, 56 p. ;
Dimensiones 15 cm.
490 1# - MENCIÓN DE SERIE
Mención de serie Biblioteca diamante. Colección de novelas cortas de asuntos contemporáneos
830 0# - PUNTO DE ACCESO ADICIONAL DE SERIE-TÍTULO UNIFORME
Título uniforme Biblioteca diamante. Colección de novelas cortas de asuntos contemporáneos
9 (RLIN) 230094
852 ## - LOCALIZACIÓN
Ubicación ES-MaACL
Número de control de estantería T-407-F-10
Holdings
Estatus retirado Estado de pérdida Estado de daño No para préstamo Colección Biblioteca de origen Biblioteca actual Ubicación en estantería Fecha de adquisición Fuente de adquisición Total de préstamos Signatura topográfica completa Código de barras Visto por última vez Precio de reemplazo Tipo de ítem Koha
        Colección de folletos Biblioteca del Ateneo de Madrid Biblioteca del Ateneo de Madrid Depósito folletos 17/01/2008     T-407-F-10 1051967 23/02/2023 23/02/2023 Folleto